| 000 | 00445nam a2200145 i 4500 | ||
|---|---|---|---|
| 001 | 185300 | ||
| 003 | ES-MaACL | ||
| 005 | 20230906222407.0 | ||
| 008 | 160510s1914 fr |||| | fre d | ||
| 245 | 0 | 0 |
_aCatalogue des ouvrages de luxe _b: février 1914. |
| 260 |
_aParis : _bGoupil & Cie. : _bManzi, Joyant & Cie., _c1914. |
||
| 300 |
_a35 p. ; _c24 cm. |
||
| 650 | 4 |
_aLibros- _vCatálogos comerciales. _9159004 |
|
| 852 |
_aES-MaACL _j1591-F-19 |
||
| 999 |
_c185300 _d185300 |
||